[Event "12th EUR-ch"]
[Site "Aix-les-Bains FRA"]
[Date "2011.03.22"]
[Round "1.1"]
[White "Svidler, Peter"]
[Black "Ziska, Helgi Dam"]
[Result "1/2-1/2"]
[WhiteElo "2730"]
[BlackElo "2432"]
[EventDate "2011.03.22"]
[PlyCount "37"]

1.d4 Nf6 2.g3 g6 3.Bg2 Bg7 4.e4 d6 5.Nc3 O-O 6.Nge2 e5 7.h3 c6 8.a4 a5 9.
O-O Na6 10.Be3 Nb4 11.f4 exf4 12.gxf4 d5 13.e5 Nh5 14.Qd2 Bh6 15.Nd1 Bf5 
16.Rc1 Na2 17.Ra1 Nb4 18.Rc1 Na2 19.Ra1 1/2-1/2

[Event "12th EUR-ch"]
[Site "Aix-les-Bains FRA"]
[Date "2011.03.22"]
[Round "1.2"]
[White "Sermier, Guillaume"]
[Black "Nepomniachtchi, Ian"]
[Result "0-1"]
[WhiteElo "2428"]
[BlackElo "2729"]
[EventDate "2011.03.22"]
[PlyCount "82"]

1.Nf3 Nf6 2.c4 g6 3.Nc3 d5 4.cxd5 Nxd5 5.e4 Nxc3 6.dxc3 Qxd1+ 7.Kxd1 f6 8.
Be3 e5 9.Nd2 Nd7 10.Kc2 Bc5 11.Bxc5 Nxc5 12.f3 a5 13.Nc4 Ke7 14.Ne3 c6 15.
h4 h5 16.g3 Bd7 17.Bh3 Be8 18.Rhd1 Bf7 19.b3 Ra7 20.Kb2 b5 21.Rac1 a4 22.
b4 a3+ 23.Kb1 Na4 24.Rd3 Nb2 25.Rd2 Rd8 26.Rxd8 Kxd8 27.Rc2 Ke7 28.Rd2 Na4
29.Rd3 c5 30.bxc5 Nxc5 31.Nd5+ Bxd5 32.Rxd5 Na4 33.Kc2 Rc7 34.Rxb5 Rxc3+ 
35.Kb1 Rxf3 36.Rb7+ Kd6 37.Rb3 Rxb3+ 38.axb3 Nc3+ 39.Ka1 Nxe4 40.g4 hxg4 
41.Bxg4 f5 0-1

[Event "12th EUR-ch"]
[Site "Aix-les-Bains FRA"]
[Date "2011.03.22"]
[Round "1.3"]
[White "Navara, David"]
[Black "Colin, Vincent"]
[Result "1/2-1/2"]
[WhiteElo "2722"]
[BlackElo "2427"]
[EventDate "2011.03.22"]
[PlyCount "187"]

1.e4 c5 2.Nf3 Nc6 3.d4 cxd4 4.Nxd4 g6 5.c4 Bg7 6.Be3 Nf6 7.Nc3 d6 8.Be2 
O-O 9.O-O Bd7 10.Nc2 Rc8 11.f3 a6 12.Qd2 Ne5 13.Na3 Re8 14.h3 Bc6 15.b4 b6
16.Rac1 Ned7 17.Nc2 Bb7 18.Bf4 Nh5 19.Bh2 Ne5 20.Ne3 Nc6 21.f4 Nf6 22.a3 
e6 23.Rfd1 d5 24.e5 Ne4 25.Nxe4 dxe4 26.Bg3 f6 27.Qe1 Nd4 28.Bh4 g5 29.
exf6 Qxf6 30.Bxg5 Qg6 31.Ng4 e5 32.c5 exf4 33.Bxf4 h5 34.Bc4+ Kh7 35.Kh1 
bxc5 36.bxc5 e3 37.Bxe3 Bxg2+ 38.Kxg2 Qe4+ 39.Kg3 h4+ 40.Kxh4 Nf3+ 41.Kg3 
Nxe1 42.Rxe1 Rf8 43.Bf2 Rf3+ 44.Kh2 Qf4+ 45.Kg2 Rf8 46.Rc2 Rxa3 47.Bd5 Kh8
48.c6 Rc3 49.Rxc3 Bxc3 50.Re3 Qd4 51.Bf3 Qc4 52.Bg3 Rxf3 53.Rxf3 Qxc6 54.
Ne5 Qd5 55.Ng6+ Kh7 56.Ne7 Qe4 57.Nf5 a5 58.Bd6 Be1 59.Bg3 Bxg3 60.Nxg3 
Qd5 61.Ne2 a4 62.Nc3 Qd2+ 63.Kg3 a3 64.Rf7+ Kg6 65.Rf6+ Kg7 66.Rf3 Qe1+ 
67.Kg2 Kg6 68.Kh2 a2 69.Nxa2 Qe2+ 70.Kg3 Qxa2 71.Rf4 Qa3+ 72.Kg2 Kg5 73.
Rg4+ Kf5 74.Kh2 Qb2+ 75.Kg1 Qe2 76.Kh1 Qf2 77.Rg2 Qe1+ 78.Rg1 Qe4+ 79.Kh2 
Qc2+ 80.Rg2 Qc7+ 81.Kh1 Kf4 82.Kh2 Kf3+ 83.Kh1 Qc1+ 84.Kh2 Qe1 85.Rg1 Qe2+
86.Kh1 Qe4 87.Rg2 Qe5 88.Kg1 Qe1+ 89.Kh2 Qh4 90.Rg4 Qf2+ 91.Kh1 Qe1+ 92.
Kh2 Qe5+ 93.Kh1 Qe1+ 94.Kh2 1/2-1/2

[Event "12th EUR-ch"]
[Site "Aix-les-Bains FRA"]
[Date "2011.03.22"]
[Round "1.4"]
[White "Potapov, Alexander"]
[Black "Vitiugov, Nikita"]
[Result "1/2-1/2"]
[WhiteElo "2425"]
[BlackElo "2720"]
[EventDate "2011.03.22"]
[PlyCount "164"]

1.d4 d5 2.c4 c6 3.Nc3 dxc4 4.e3 b5 5.a4 b4 6.Na2 e6 7.Bxc4 Nf6 8.Bd2 a5 9.
Nc1 Bb7 10.Nf3 Nbd7 11.Nb3 Be7 12.O-O O-O 13.Qe2 c5 14.Rfd1 Qb6 15.dxc5 
Bxc5 16.Be1 Bd6 17.Nfd4 Rfd8 18.f3 e5 19.Nf5 Bf8 20.Bf2 e4 21.f4 g6 22.
Nfd4 Nc5 23.Nxc5 Bxc5 24.Nb3 Be7 25.Bh4 Rxd1+ 26.Rxd1 Bc6 27.Ra1 Bd7 28.h3
Rc8 29.Bb5 Be6 30.Nd4 Bd5 31.Qd2 Bb7 32.Re1 Rd8 33.Qf2 h6 34.g4 Kg7 35.g5 
hxg5 36.fxg5 Nd5 37.Rf1 Rf8 38.Be8 Nxe3 39.Bxf7 Bd5 40.Qxe3 Bc5 41.Bf2 
Rxf7 42.Ne6+ Qxe6 43.Qxc5 Kh7 44.Bd4 Rxf1+ 45.Kxf1 Qxh3+ 46.Ke1 Qg3+ 47.
Bf2 Qxg5 48.Qa7+ Kg8 49.Qb8+ Kf7 50.Qc7+ Ke6 51.Qc8+ Ke5 52.Qc7+ Kf5 53.
Qc8+ Be6 54.Qc5+ Kg4 55.Qxg5+ Kxg5 56.Bb6 b3 57.Kf2 Bd7 58.Bxa5 Bxa4 59.
Kg3 Kf5 60.Bd2 Bd7 61.Bf4 Bb5 62.Bd2 Ke5 63.Be3 Be2 64.Kf2 Bf3 65.Bb6 Bd1 
66.Ke3 Kf5 67.Bd8 Bc2 68.Be7 Bd3 69.Kf2 Bb5 70.Bd8 Ke5 71.Be7 Ke6 72.Ke3 
Kf5 73.Bd8 Bd3 74.Be7 Bc2 75.Bd8 g5 76.Be7 Bd3 77.Bd8 Bb1 78.Be7 Bc2 79.
Bd8 Bd1 80.Be7 Bf3 81.Bd8 g4 82.Bh4 Ke5 1/2-1/2

[Event "12th EUR-ch"]
[Site "Aix-les-Bains FRA"]
[Date "2011.03.22"]
[Round "1.5"]
[White "Jakovenko, Dmitry"]
[Black "Smirnov, Artem"]
[Result "0-1"]
[WhiteElo "2718"]
[BlackElo "2425"]
[EventDate "2011.03.22"]
[PlyCount "86"]

1.d4 Nf6 2.c4 e6 3.Nc3 Bb4 4.Qc2 O-O 5.a3 Bxc3+ 6.Qxc3 Ne4 7.Qc2 f5 8.Nf3 
b6 9.g3 Bb7 10.Bg2 Nf6 11.O-O Be4 12.Qc3 Qe8 13.b3 d6 14.Bb2 Nbd7 15.Rfd1 
Qh5 16.Qd2 Rae8 17.Rac1 h6 18.b4 g5 19.a4 Ng4 20.h3 Ngf6 21.c5 Nd5 22.cxd6
cxd6 23.Bf1 N7f6 24.Nh2 g4 25.e3 gxh3 26.b5 Ng4 27.Qe2 Bg2 28.Ba3 Rd8 29.
Rc6 Rf7 30.Rdc1 Bxf1 31.Rxf1 Rfd7 32.e4 Ndf6 33.d5 exd5 34.exf5 Qxf5 35.
Bb2 Re8 36.Qc2 Qe4 37.Qxe4 dxe4 38.f3 exf3 39.Bxf6 f2+ 40.Kh1 Nxf6 41.Rxf2
Ne4 42.Rfc2 Nxg3+ 43.Kg1 Ne2+ 0-1

[Event "12th EUR-ch"]
[Site "Aix-les-Bains FRA"]
[Date "2011.03.22"]
[Round "1.6"]
[White "Erdogdu, Mert"]
[Black "Caruana, Fabiano"]
[Result "0-1"]
[WhiteElo "2423"]
[BlackElo "2716"]
[EventDate "2011.03.22"]
[PlyCount "100"]

1.d4 Nf6 2.c4 c5 3.d5 b5 4.cxb5 a6 5.bxa6 g6 6.Nc3 Bxa6 7.g3 d6 8.Bg2 Nbd7
9.Nf3 Bg7 10.Rb1 O-O 11.O-O Qa5 12.Bd2 Ng4 13.Qc2 Nge5 14.b3 Nxf3+ 15.Bxf3
Qa3 16.Bc1 Qb4 17.Bd2 Ne5 18.Bg2 c4 19.Ne4 cxb3 20.axb3 Qb6 21.Be3 Qb5 22.
Rfe1 Ng4 23.Bc1 Bb7 24.h3 Rfc8 25.Qd1 Ne5 26.Bb2 Qb4 27.f4 Nd7 28.Bxg7 
Kxg7 29.Rb2 Bxd5 30.Qd2 Rcb8 31.Qxb4 Rxb4 32.Nf2 Bxg2 33.Nd3 Rb5 34.Kxg2 
Ra3 35.Rc1 Nf6 36.b4 Nd5 37.Kf2 Nc3 38.Rbc2 Nd5 39.Rb2 f5 40.Rc4 Nc3 41.
Kf3 e5 42.Rc7+ Kh6 43.fxe5 dxe5 44.Kg2 Nxe2 45.Rc5 Rxc5 46.Nxc5 f4 47.Nb3 
e4 48.b5 f3+ 49.Kh2 e3 50.b6 f2 0-1

[Event "12th EUR-ch"]
[Site "Aix-les-Bains FRA"]
[Date "2011.03.22"]
[Round "1.7"]
[White "Wojtaszek, Radoslaw"]
[Black "Roser, Kevin"]
[Result "1/2-1/2"]
[WhiteElo "2711"]
[BlackElo "2423"]
[EventDate "2011.03.22"]
[PlyCount "82"]

1.d4 Nf6 2.c4 e6 3.g3 d5 4.Bg2 dxc4 5.Nf3 a6 6.Ne5 Bb4+ 7.Nc3 Nd5 8.O-O 
Nxc3 9.bxc3 Bxc3 10.Rb1 Qxd4 11.Qa4+ b5 12.Qa3 Qxe5 13.Bf4 Qf6 14.Bxc7 Be5
15.Bxe5 Qxe5 16.Bxa8 Qc7 17.Bg2 f6 18.Qe3 Kf7 19.a4 Bd7 20.axb5 Bxb5 21.
Rfd1 Nd7 22.Rd4 Rc8 23.Rbd1 Nf8 24.Qc3 Qc5 25.Be4 Rc7 26.Rd8 Rd7 27.R1xd7+
Nxd7 28.Bxh7 f5 29.Bg8+ Ke7 30.Ra8 Nf6 31.Qd2 Qd5 32.Ra7+ Bd7 33.Qb4+ Qd6 
34.Qxc4 Nxg8 35.Qxa6 Qxa6 36.Rxa6 Bb5 37.Ra2 Nf6 38.Rb2 Ba6 39.Ra2 Bb5 40.
Rb2 Ba6 41.Ra2 Bb5 1/2-1/2

[Event "12th EUR-ch"]
[Site "Aix-les-Bains FRA"]
[Date "2011.03.22"]
[Round "1.8"]
[White "Terrieux, Kevin"]
[Black "Jobava, Baadur"]
[Result "1/2-1/2"]
[WhiteElo "2422"]
[BlackElo "2707"]
[EventDate "2011.03.22"]
[PlyCount "55"]

1.e4 c6 2.d4 d5 3.Nc3 dxe4 4.Nxe4 Bf5 5.Ng3 Bg6 6.h4 h6 7.Nf3 Nd7 8.h5 Bh7
9.Bd3 Bxd3 10.Qxd3 e6 11.Bd2 Ngf6 12.O-O-O Be7 13.Kb1 Qb6 14.c4 O-O 15.Ne4
Rfe8 16.Nxf6+ Bxf6 17.Bc3 Rad8 18.Qe2 c5 19.Ne5 Qc7 20.f4 cxd4 21.Bxd4 
Nxe5 22.Bxe5 Bxe5 23.fxe5 a5 24.g4 Rxd1+ 25.Rxd1 Rc8 26.Qe4 a4 27.a3 b6 
28.Ka1 1/2-1/2

[Event "12th EUR-ch"]
[Site "Aix-les-Bains FRA"]
[Date "2011.03.22"]
[Round "1.9"]
[White "Vallejo Pons, Francisco"]
[Black "Vedmediuc, Serghei"]
[Result "1/2-1/2"]
[WhiteElo "2707"]
[BlackElo "2422"]
[EventDate "2011.03.22"]
[PlyCount "87"]

1.e4 c5 2.Nf3 Nc6 3.d4 cxd4 4.Nxd4 e5 5.Nb5 d6 6.N1c3 a6 7.Na3 Be6 8.Nc4 
Nf6 9.Bg5 Rb8 10.Nd5 Bxd5 11.Bxf6 Qxf6 12.Qxd5 Nb4 13.Qd2 d5 14.exd5 Rd8 
15.Ne3 Bc5 16.c4 Qg6 17.a3 Bxe3 18.Qxb4 Bd4 19.O-O-O Rd6 20.Bd3 Qg5+ 21.
Qd2 Qxg2 22.Rhg1 Qxh2 23.Rxg7 Rf6 24.Rf1 Rxf2 25.Rxf2 Qxf2 26.Qxf2 Bxf2 
27.b4 b6 28.d6 Be3+ 29.Kc2 Kd7 30.Rxf7+ Kxd6 31.Bxh7 Ke6 32.Ra7 Kf6 33.Be4
Kg5 34.Rxa6 Kf4 35.Bd5 Bd4 36.Ra7 Rh3 37.Rf7+ Kg5 38.Rg7+ Kf4 39.Rf7+ Kg5 
40.a4 Ra3 41.Ra7 Kf4 42.Rf7+ Kg5 43.Ra7 Kf4 44.Rf7+ 1/2-1/2

[Event "12th EUR-ch"]
[Site "Aix-les-Bains FRA"]
[Date "2011.03.22"]
[Round "1.10"]
[White "Houska, Jovanka"]
[Black "Dreev, Aleksey"]
[Result "0-1"]
[WhiteElo "2419"]
[BlackElo "2697"]
[EventDate "2011.03.22"]
[PlyCount "140"]

1.d4 d5 2.Nf3 Nf6 3.c4 c6 4.e3 Bf5 5.Bd3 Bxd3 6.Qxd3 e6 7.O-O Nbd7 8.Nbd2 
Be7 9.Rd1 O-O 10.e4 dxe4 11.Nxe4 Nxe4 12.Qxe4 Qa5 13.Bf4 Rfd8 14.Ne5 Nxe5 
15.Bxe5 Bd6 16.Bxd6 Rxd6 17.Qe5 Qd8 18.Rd3 Rc8 19.Rad1 Rc7 20.Rg3 g6 21.h3
Rcd7 22.Rgd3 b6 23.b3 Qf8 24.f4 Rd8 25.a4 a5 26.R1d2 R8d7 27.Rd1 Qd8 28.
Kh2 h5 29.R1d2 h4 30.g3 hxg3+ 31.Kxg3 f6 32.Qe4 Kf7 33.Kh2 Qh8 34.d5 exd5 
35.cxd5 Qd8 36.f5 g5 37.Qf3 Kg8 38.Re2 Rxd5 39.Rde3 Rd2 40.Qxc6 Kg7 41.Kg2
Kh6 42.Qe6 R7d5 43.Rxd2 Rxd2+ 44.Re2 Rd3 45.Re3 Rd1 46.Qe7 Qd2+ 47.Re2 
Qd5+ 48.Qe4 Qxb3 49.Qa8 Qd5+ 50.Qxd5 Rxd5 51.Re6 Rxf5 52.Rxb6 Kg6 53.Ra6 
Rc5 54.Kg3 Kf5 55.Ra8 Rd5 56.Ra6 Ke5 57.h4 gxh4+ 58.Kxh4 Rd4+ 59.Kg3 Rxa4 
60.Kf3 Ra1 61.Ra8 a4 62.Ra5+ Ke6 63.Kg2 a3 64.Ra8 a2 65.Ra5 f5 66.Ra6+ Kd7
67.Ra7+ Kc6 68.Ra3 f4 69.Rc3+ Kd5 70.Rc2 Rg1+ 0-1

[Event "12th EUR-ch"]
[Site "Aix-les-Bains FRA"]
[Date "2011.03.22"]
[Round "1.11"]
[White "Fressinet, Laurent"]
[Black "Thorfinnsson, Bragi"]
[Result "1/2-1/2"]
[WhiteElo "2693"]
[BlackElo "2417"]
[EventDate "2011.03.22"]
[PlyCount "69"]

1.d4 d5 2.Nf3 Nf6 3.c4 c6 4.Nc3 dxc4 5.a4 Bf5 6.Nh4 e6 7.Nxf5 exf5 8.e3 
Bb4 9.Bxc4 O-O 10.O-O Nbd7 11.f3 Nb6 12.Bb3 Qe7 13.Qd3 g6 14.a5 Nbd5 15.a6
Rad8 16.e4 Nc7 17.axb7 Rxd4 18.Qe2 Bc5 19.Kh1 Rb4 20.Ba2 Nh5 21.g3 Rxb7 
22.exf5 Qxe2 23.Nxe2 Re8 24.Nc3 gxf5 25.g4 Nf6 26.Bg5 Nfd5 27.gxf5 Nxc3 
28.bxc3 Rb2 29.Bc4 Nd5 30.Bh6 f6 31.Ra4 Kf7 32.Rd1 Re5 33.Bf4 Rxf5 34.Bg3 
Bb6 35.Raa1 1/2-1/2

[Event "12th EUR-ch"]
[Site "Aix-les-Bains FRA"]
[Date "2011.03.22"]
[Round "1.12"]
[White "Zuger, Beat"]
[Black "Sutovsky, Emil"]
[Result "0-1"]
[WhiteElo "2417"]
[BlackElo "2692"]
[EventDate "2011.03.22"]
[PlyCount "62"]

1.c4 Nf6 2.Nc3 e5 3.Nf3 Nc6 4.g3 Nd4 5.Bg2 Nxf3+ 6.Bxf3 Bc5 7.d3 h6 8.g4 
c6 9.Bd2 O-O 10.g5 hxg5 11.Bxg5 Be7 12.Qd2 Nh7 13.Bxe7 Qxe7 14.h4 f5 15.
O-O-O d6 16.Rdg1 Be6 17.h5 Rad8 18.Rg6 Rf6 19.Rhg1 Rxg6 20.hxg6 Nf8 21.e4 
f4 22.Qe2 Qh4 23.Qf1 Qh6 24.Qg2 Qh3 25.Qg5 Re8 26.Bh5 Nd7 27.Kd2 Rf8 28.
Qe7 Rf6 29.Be2 f3 30.Bd1 Qh2 31.Rf1 Qg2 0-1

[Event "12th EUR-ch"]
[Site "Aix-les-Bains FRA"]
[Date "2011.03.22"]
[Round "1.13"]
[White "Laznicka, Viktor"]
[Black "Telljohann, Sven"]
[Result "1/2-1/2"]
[WhiteElo "2688"]
[BlackElo "2415"]
[EventDate "2011.03.22"]
[PlyCount "72"]

1.d4 g6 2.c4 Bg7 3.Nf3 c5 4.d5 d6 5.e4 Bg4 6.Be2 a6 7.Nc3 Nd7 8.O-O Ngf6 
9.Ng5 Bxe2 10.Qxe2 h6 11.Nh3 O-O 12.f4 Ne8 13.a4 Nc7 14.a5 Rb8 15.Ra3 b5 
16.axb6 Rxb6 17.Nd1 e6 18.Rg3 exd5 19.exd5 Qe8 20.Qc2 f5 21.Nhf2 Qf7 22.
Rf3 Nf6 23.Ne3 h5 24.g3 Re8 25.h3 Ne4 26.g4 h4 27.gxf5 gxf5 28.Nxe4 Rxe4 
29.Kh1 Qh5 30.Qg2 Ne8 31.Qg5 Rb3 32.Bd2 Rxb2 33.Be1 Rb3 34.Ng2 Rxf3 35.
Rxf3 Rxc4 36.Bxh4 a5 1/2-1/2

[Event "12th EUR-ch"]
[Site "Aix-les-Bains FRA"]
[Date "2011.03.22"]
[Round "1.14"]
[White "Poetsch, Hagen"]
[Black "Polgar, Judit"]
[Result "1/2-1/2"]
[WhiteElo "2415"]
[BlackElo "2686"]
[EventDate "2011.03.22"]
[PlyCount "52"]

1.e4 c5 2.Nf3 e6 3.Nc3 Nc6 4.d4 cxd4 5.Nxd4 Qc7 6.Be3 a6 7.Qd2 Nf6 8.O-O-O
Bb4 9.f3 Ne7 10.a3 Bxc3 11.Qxc3 Qxc3 12.bxc3 d5 13.e5 Nd7 14.f4 b6 15.Nb3 
Bb7 16.a4 Rc8 17.a5 b5 18.Bd4 f6 19.exf6 gxf6 20.Re1 Kf7 21.g3 Nf5 22.Bh3 
Rhe8 23.Bxf5 exf5 24.Rxe8 Rxe8 25.Kd2 Bc8 26.Re1 Re4 1/2-1/2

[Event "12th EUR-ch"]
[Site "Aix-les-Bains FRA"]
[Date "2011.03.22"]
[Round "1.15"]
[White "Naiditsch, Arkadij"]
[Black "Roeder, Matthias"]
[Result "1-0"]
[WhiteElo "2684"]
[BlackElo "2414"]
[EventDate "2011.03.22"]
[PlyCount "75"]

1.e4 c6 2.d4 d5 3.e5 Bf5 4.Nf3 e6 5.Be2 Nd7 6.O-O h6 7.Nbd2 Ne7 8.Nb3 Bh7 
9.Bd2 Ng6 10.a4 Be7 11.a5 a6 12.c4 O-O 13.cxd5 exd5 14.Ne1 c5 15.f4 Nh4 
16.Nf3 Nxf3+ 17.Bxf3 cxd4 18.Nxd4 Nc5 19.Be3 Bd3 20.Re1 Bh7 21.f5 Bg5 22.
Bf2 Re8 23.b4 Ne4 24.Bxe4 dxe4 25.Rxe4 Qd5 26.Qe2 Rac8 27.Re1 Rc1 28.Rxc1 
Bxc1 29.g4 f6 30.e6 h5 31.h3 hxg4 32.hxg4 g6 33.Qc2 Bh6 34.Re1 gxf5 35.Qc7
Bg6 36.Nxf5 Bf8 37.e7 Bg7 38.Nd6 1-0

[Event "12th EUR-ch"]
[Site "Aix-les-Bains FRA"]
[Date "2011.03.22"]
[Round "1.16"]
[White "Battaglini, Gabriel"]
[Black "McShane, Luke"]
[Result "0-1"]
[WhiteElo "2413"]
[BlackElo "2683"]
[EventDate "2011.03.22"]
[PlyCount "122"]

1.d4 d6 2.e4 g6 3.Nf3 Bg7 4.Be3 Nd7 5.Bd3 Ngf6 6.Qd2 e5 7.dxe5 dxe5 8.Bh6 
O-O 9.Nc3 Qe7 10.h3 Nc5 11.O-O Rd8 12.Qg5 Re8 13.Qh4 c6 14.Bg5 Ne6 15.Bc4 
b5 16.Bxe6 Qxe6 17.Rad1 h5 18.Rd2 Nh7 19.Rfd1 Nxg5 20.Qxg5 Bf6 21.Qh6 Be7 
22.h4 Qf6 23.Rd3 Bg4 24.Ne2 Rad8 25.Rxd8 Bxd8 26.Qg5 Bxf3 27.gxf3 Qxg5+ 
28.hxg5 Bxg5 29.Rd6 Rc8 30.Rd7 Rd8 31.Rxd8+ Bxd8 32.Nc1 Bc7 33.Nd3 Bd6 34.
b3 Kf8 35.c4 bxc4 36.bxc4 Ke7 37.Kg2 f6 38.a4 Kd7 39.Nc1 Bb4 40.Nd3 Ba3 
41.f4 exf4 42.Nxf4 Kd6 43.Nxg6 Kc5 44.e5 fxe5 45.Nxe5 Kb6 46.f4 Bd6 47.Nd3
c5 48.Kf3 Ka5 49.Ke4 h4 50.Kd5 Bf8 51.Nf2 Kxa4 52.f5 Ka5 53.f6 Kb6 54.Ke6 
Kc7 55.Nh3 a5 56.Kf7 Bd6 57.Ng5 h3 58.Nxh3 a4 59.Ke6 a3 60.Nf2 a2 61.Ne4 
a1=Q 0-1

[Event "12th EUR-ch"]
[Site "Aix-les-Bains FRA"]
[Date "2011.03.22"]
[Round "1.17"]
[White "Zhigalko, Sergei"]
[Black "Nedilko, Vasily"]
[Result "1-0"]
[WhiteElo "2680"]
[BlackElo "2413"]
[EventDate "2011.03.22"]
[PlyCount "95"]

1.e4 c5 2.Nf3 d6 3.d4 cxd4 4.Nxd4 Nf6 5.Nc3 a6 6.Be3 e5 7.Nb3 Be7 8.f3 Be6
9.Qd2 O-O 10.O-O-O a5 11.a4 Nc6 12.g4 Nb4 13.Kb1 Rc8 14.g5 Nh5 15.Rg1 f5 
16.g6 fxe4 17.gxh7+ Kxh7 18.fxe4 Nf4 19.Be2 d5 20.exd5 Bf5 21.Bxf4 Bxc2+ 
22.Qxc2+ Nxc2 23.Bd3+ Kh8 24.Bxe5 Na3+ 25.bxa3 Bf6 26.Bxf6 Rxf6 27.Rc1 Rf3
28.Rgd1 g6 29.Nd4 Rh3 30.Ndb5 Rxh2 31.Bxg6 Qf6 32.Bd3 Qf3 33.d6 Qg4 34.Be4
Qe6 35.Bd5 Qf5+ 36.Be4 Qe6 37.Rd5 Rf8 38.d7 Rd8 39.Rcd1 Qf6 40.Bf5 Qh4 41.
R5d2 Rxd2 42.Rxd2 Qg5 43.Rd5 Kg7 44.Nd4 Qg1+ 45.Kb2 Kf6 46.Rd6+ Ke7 47.
Re6+ Kf7 48.Bg6+ 1-0

[Event "12th EUR-ch"]
[Site "Aix-les-Bains FRA"]
[Date "2011.03.22"]
[Round "1.18"]
[White "Philippe, Christophe"]
[Black "Riazantsev, Alexander"]
[Result "1/2-1/2"]
[WhiteElo "2409"]
[BlackElo "2679"]
[EventDate "2011.03.22"]
[PlyCount "63"]

1.d4 Nf6 2.Nf3 d5 3.e3 e6 4.Bd3 c5 5.O-O Nc6 6.b3 Qc7 7.a3 b6 8.Bb2 Be7 9.
Nbd2 O-O 10.Ne5 cxd4 11.exd4 Nxe5 12.dxe5 Nd7 13.Re1 Nc5 14.Bf1 Ba6 15.
Bxa6 Nxa6 16.b4 Rac8 17.Rc1 Bg5 18.g3 Bxd2 19.Qxd2 Nb8 20.f4 Qc4 21.f5 Qg4
22.Rf1 Rc4 23.fxe6 Qxe6 24.Rcd1 Nc6 25.Qxd5 Rxc2 26.Rf2 Rxf2 27.Kxf2 Ne7 
28.Qxe6 fxe6+ 29.Ke2 Rc8 30.Rd7 Nd5 31.Kd3 Rc7 32.a4 1/2-1/2

[Event "12th EUR-ch"]
[Site "Aix-les-Bains FRA"]
[Date "2011.03.22"]
[Round "1.19"]
[White "Rublevsky, Sergei"]
[Black "Zude, Erik"]
[Result "1-0"]
[WhiteElo "2678"]
[BlackElo "2409"]
[EventDate "2011.03.22"]
[PlyCount "39"]

1.e4 c5 2.Nf3 d6 3.d4 cxd4 4.Nxd4 Nf6 5.Nc3 a6 6.Bc4 e6 7.Bb3 b5 8.O-O Be7
9.Qf3 Qb6 10.Be3 Qb7 11.Qg3 O-O 12.Bh6 Ne8 13.Rfe1 Bd7 14.Rad1 Nc6 15.Nd5 
Bd8 16.Nf5 exf5 17.exf5 Ne5 18.Rxe5 dxe5 19.f6 g6 20.Ne7+ 1-0

[Event "12th EUR-ch"]
[Site "Aix-les-Bains FRA"]
[Date "2011.03.22"]
[Round "1.20"]
[White "Shirazi, Kamran"]
[Black "Motylev, Alexander"]
[Result "0-1"]
[WhiteElo "2403"]
[BlackElo "2677"]
[EventDate "2011.03.22"]
[PlyCount "52"]

1.e4 c5 2.Nf3 Nc6 3.d4 cxd4 4.Nxd4 g6 5.Bc4 Bg7 6.Ne2 Nf6 7.Nbc3 O-O 8.Nf4
b5 9.Bd3 b4 10.Ncd5 Nxd5 11.Nxd5 e6 12.Ne3 f5 13.exf5 gxf5 14.a3 Bb7 15.
axb4 Nxb4 16.Bf1 f4 17.Nc4 Be4 18.Na3 Qg5 19.f3 Qh4+ 20.Kd2 Bg6 21.c3 Rf5 
22.Bc4 Rc8 23.Qe1 Qe7 24.Kd1 Rxc4 25.Nxc4 Rd5+ 26.Ke2 Bd3+ 0-1

[Event "12th EUR-ch"]
[Site "Aix-les-Bains FRA"]
[Date "2011.03.22"]
[Round "1.21"]
[White "Volokitin, Andrei"]
[Black "Benitah, Yohan"]
[Result "1-0"]
[WhiteElo "2677"]
[BlackElo "2401"]
[EventDate "2011.03.22"]
[PlyCount "107"]

1.e4 e6 2.d4 d5 3.Nc3 Nf6 4.e5 Nfd7 5.f4 c5 6.Nf3 Nc6 7.Be3 Qb6 8.Na4 Qa5+
9.c3 c4 10.b4 Qb5 11.Nc5 a5 12.a3 Ne7 13.Be2 Nf5 14.Bf2 a4 15.Qc2 b6 16.
Nxd7 Bxd7 17.g4 Nh6 18.Ng5 g6 19.h4 O-O-O 20.h5 Bg7 21.hxg6 hxg6 22.Rxh6 
Rxh6 23.Nxf7 Rh1+ 24.Bf1 Be8 25.Nxd8 Kxd8 26.Bg3 Rh8 27.O-O-O Qd7 28.Bg2 
Qf7 29.Rf1 Bd7 30.Qd1 Kc7 31.Rh1 Qf8 32.Rxh8 Qxh8 33.Qh1 Bh6 34.Kd2 Qf8 
35.Ke3 Kc6 36.Qh4 b5 37.Bf3 Kb6 38.Qf6 Qxf6 39.exf6 Be8 40.g5 Bf8 41.f5 
gxf5 42.Be5 Kc6 43.Kf4 Bg6 44.Kg3 Bd6 45.Bxd6 Kxd6 46.Kf4 Kd7 47.Ke5 Bf7 
48.Bxd5 exd5 49.Kxf5 Bh5 50.g6 Ke8 51.Kg5 Bf3 52.f7+ Ke7 53.Kh6 Kf8 54.g7+
1-0

[Event "12th EUR-ch"]
[Site "Aix-les-Bains FRA"]
[Date "2011.03.22"]
[Round "1.22"]
[White "Olivier, Jean-Christophe"]
[Black "Sargissian, Gabriel"]
[Result "0-1"]
[WhiteElo "2401"]
[BlackElo "2676"]
[EventDate "2011.03.22"]
[PlyCount "110"]

1.e4 c6 2.d4 d5 3.Nc3 dxe4 4.Nxe4 Bf5 5.Ng3 Bg6 6.Nf3 Nd7 7.h4 h6 8.h5 Bh7
9.Bd3 Bxd3 10.Qxd3 e6 11.Bf4 Qa5+ 12.c3 Ngf6 13.Ne5 Nxe5 14.Bxe5 O-O-O 15.
Qf3 Qd5 16.Qxd5 Rxd5 17.Ne2 Ng4 18.Bg3 Rf5 19.f3 Nf6 20.Be5 Rxh5 21.Rxh5 
Nxh5 22.g4 Nf6 23.Bxf6 gxf6 24.Kf2 h5 25.Rh1 h4 26.Nf4 Be7 27.Rh3 Kd7 28.
Ng2 f5 29.gxf5 exf5 30.f4 c5 31.dxc5 Bxc5+ 32.Kf3 Be7 33.Kf2 Ke6 34.Kf3 b5
35.Kf2 a5 36.Kf3 b4 37.cxb4 axb4 38.Ke2 Rg8 39.Nxh4 Bxh4 40.Rxh4 Rg2+ 41.
Kd3 Rxb2 42.Rh6+ f6 43.Rh8 Rxa2 44.Rb8 Rb2 45.Rb5 b3 46.Kc3 Rf2 47.Kxb3 
Rxf4 48.Kc3 Re4 49.Kd3 Re5 50.Rb4 Kf7 51.Rb1 Kg6 52.Rg1+ Kh5 53.Kd2 f4 54.
Rg2 Kh4 55.Rg6 f5 0-1

[Event "12th EUR-ch"]
[Site "Aix-les-Bains FRA"]
[Date "2011.03.22"]
[Round "1.23"]
[White "Akopian, Vladimir"]
[Black "Zarkua, Davit"]
[Result "1/2-1/2"]
[WhiteElo "2675"]
[BlackElo "2397"]
[EventDate "2011.03.22"]
[PlyCount "54"]

1.d4 d5 2.c4 dxc4 3.Nf3 Nf6 4.Qa4+ c6 5.Qxc4 Bf5 6.g3 e6 7.Bg2 Nbd7 8.Nc3 
Be7 9.O-O O-O 10.e3 Re8 11.Qe2 Ne4 12.Ne1 Nxc3 13.bxc3 e5 14.e4 Be6 15.f4 
exf4 16.Bxf4 Qa5 17.Qc2 Nb6 18.Nd3 Nc4 19.Rf2 Na3 20.Qc1 Rad8 21.Bd2 Nc4 
22.Nf4 Nxd2 23.Nxe6 fxe6 24.Qxd2 Bg5 25.Qd3 c5 26.Raf1 cxd4 27.cxd4 Qb4 
1/2-1/2

[Event "12th EUR-ch"]
[Site "Aix-les-Bains FRA"]
[Date "2011.03.22"]
[Round "1.24"]
[White "Kreisl, Robert"]
[Black "Grachev, Boris"]
[Result "0-1"]
[WhiteElo "2394"]
[BlackElo "2675"]
[EventDate "2011.03.22"]
[PlyCount "62"]

1.Nf3 d5 2.d4 Nf6 3.c4 e6 4.g3 dxc4 5.Bg2 Bd7 6.Ne5 Bc6 7.Nxc6 Nxc6 8.O-O 
Qd7 9.e3 O-O-O 10.Nd2 h5 11.Nxc4 h4 12.Qa4 hxg3 13.hxg3 Nd5 14.Bd2 Kb8 15.
Rfc1 f5 16.Na5 Nxa5 17.Qxd7 Rxd7 18.Bxa5 Nf6 19.Bc3 Bd6 20.Bf3 g5 21.Kg2 
g4 22.Be2 Rh3 23.Bc4 Rdh7 24.Rh1 Ne4 25.Bxe6 Bxg3 26.Bxf5 Rh2+ 27.Rxh2 
Rxh2+ 28.Kg1 Nxf2 29.Be1 Nh3+ 30.Kf1 Bxe1 31.Bxg4 Bb4 0-1

[Event "12th EUR-ch"]
[Site "Aix-les-Bains FRA"]
[Date "2011.03.22"]
[Round "1.25"]
[White "Inarkiev, Ernesto"]
[Black "Manea, Alexandru"]
[Result "1-0"]
[WhiteElo "2674"]
[BlackElo "2392"]
[EventDate "2011.03.22"]
[PlyCount "128"]

1.e4 c5 2.Nf3 e6 3.Nc3 Nc6 4.d4 cxd4 5.Nxd4 Qc7 6.Be3 Nf6 7.a3 Be7 8.f4 
Nxd4 9.Qxd4 b6 10.Be2 Bb7 11.Bf3 O-O 12.O-O-O Rac8 13.Qd3 d5 14.exd5 Nxd5 
15.Nxd5 Bxd5 16.Bxd5 Rfd8 17.Qe2 exd5 18.Kb1 Bc5 19.Bc1 b5 20.Rhe1 Qc6 21.
b3 Re8 22.Qd3 Re4 23.f5 Rce8 24.Rxe4 dxe4 25.Qc3 Qb6 26.Rd5 Bf8 27.Be3 Qb7
28.Qd4 a6 29.g4 Qc6 30.Kb2 a5 31.Rd8 Rxd8 32.Qxd8 b4 33.axb4 axb4 34.Kb1 
Qd6 35.Qe8 Qd5 36.Kc1 h5 37.h3 hxg4 38.hxg4 f6 39.Kb2 g5 40.Kc1 Qa5 41.
Qxe4 Qa1+ 42.Kd2 Kh7 43.Qb7+ Kg8 44.Qd5+ Kh7 45.Qd7+ Bg7 46.Qd4 Qa5 47.Qd6
Kg8 48.Bc5 Qa8 49.Qe6+ Kh7 50.Bxb4 Qf3 51.Qc4 Qg3 52.Bc5 Qh2+ 53.Kc3 Qc7 
54.b4 Qe5+ 55.Qd4 Qe8 56.Kb3 Qe1 57.c4 Qe8 58.b5 Bf8 59.Bxf8 Qxf8 60.c5 
Qe8 61.c6 Qe1 62.Kc4 Qa5 63.b6 Qa2+ 64.Kb4 Qb1+ 1-0

[Event "12th EUR-ch"]
[Site "Aix-les-Bains FRA"]
[Date "2011.03.22"]
[Round "1.26"]
[White "Mazur, Stefan"]
[Black "Moiseenko, Alexander"]
[Result "0-1"]
[WhiteElo "2388"]
[BlackElo "2673"]
[EventDate "2011.03.22"]
[PlyCount "100"]

1.e4 c5 2.Nf3 Nc6 3.d4 cxd4 4.Nxd4 e5 5.Nb5 d6 6.N1c3 a6 7.Na3 Be7 8.Nc4 
b5 9.Ne3 Nf6 10.g3 O-O 11.Bg2 b4 12.Ncd5 Nxd5 13.Nxd5 Bg5 14.Bxg5 Qxg5 15.
O-O Rb8 16.f4 Qd8 17.f5 Kh8 18.f6 g6 19.Qd2 Be6 20.Rad1 Bxd5 21.exd5 Nd4 
22.Rde1 Rg8 23.Re4 Nf5 24.g4 Nh4 25.g5 Nf5 26.Bh3 Qc8 27.Qf2 Rb5 28.Rh4 
Qc5 29.Qxc5 Rxc5 30.Rxb4 Ne3 31.Rf2 Rxd5 32.Rb3 Rd1+ 33.Bf1 Re1 34.Rf3 
Nxc2 35.Rfc3 Nd4 36.Rb7 Ra1 37.Kf2 Ne6 38.h4 Nc5 39.Rxc5 dxc5 40.Bxa6 Rxa2
41.Bc4 Ra4 42.b3 Ra2+ 43.Kg3 Rc2 44.Rd7 Rc3+ 45.Kg4 h5+ 46.gxh6 Rb8 47.h5 
gxh5+ 48.Kh4 Kh7 49.Rxf7+ Kxh6 50.Re7 Rd8 0-1

[Event "12th EUR-ch"]
[Site "Aix-les-Bains FRA"]
[Date "2011.03.22"]
[Round "1.27"]
[White "Nisipeanu, Liviu-Dieter"]
[Black "Diermair, Andreas"]
[Result "1-0"]
[WhiteElo "2673"]
[BlackElo "2386"]
[EventDate "2011.03.22"]
[PlyCount "69"]

1.e4 e5 2.Nf3 Nc6 3.Bb5 a6 4.Ba4 Nf6 5.O-O Be7 6.Re1 b5 7.Bb3 d6 8.c3 O-O 
9.d4 Bg4 10.Be3 exd4 11.cxd4 Na5 12.Bc2 Nc4 13.Bc1 c5 14.b3 Nb6 15.Nbd2 
Nfd7 16.Bb2 Rc8 17.h3 Bh5 18.a4 bxa4 19.bxa4 cxd4 20.a5 Nc4 21.Nxc4 Rxc4 
22.g4 Bg6 23.Bd3 Rc5 24.Nxd4 Bf6 25.f4 h6 26.Qd2 Qc7 27.Bxa6 Rc2 28.Nxc2 
Bxb2 29.Rad1 Bc3 30.Qxd6 Qxd6 31.Rxd6 Bxe1 32.Nxe1 Nc5 33.f5 Ra8 34.Bc4 
Bh7 35.Bd5 1-0